000 00226nam a22000857a 4500
008 160718b xxu||||| |||| 00| 0 eng d
100 _92987
_a Taylor, B
245 _aArctic & Antarctic
260 _aNew York
_bDorling Kindersley
_c2000
999 _c2550
_d2550